000 00536nam a2200193Ia 4500
003 GCL
008 140319s9999 xx 000 0 ara d
040 _aGCL /
_cGCL
082 0 4 _a813.01
_bص ف
100 1 _aصبرى موسى
245 1 0 _aفساد الامكنة /
_cصبرى موسى
300 _a162 ص
490 _aالكتاب الذهبى
_v0
650 0 4 _aالادب العربى
650 0 4 _aالقصص العربية
650 0 4 _aالقصص العربية القصيرة
650 0 4 _aالقصص
942 _2ddc
_cBK
999 _c38118
_d38118